000 00969cam a2200289 4500
008 000000n2000 000 0 eng u
020 _a0582302943
035 _a(Sirsi) u107293
050 _a338.181
100 _aMcMahon, Joseph A.
245 _aLaw of the common agricultural policy.
260 _aEssex
_bLongman
_c2000
300 _axxiii, 194p. ; 24cm.
350 _a18.99
520 _aThis book reviews the Common Agricultural Policy (CAP). The legal aspects are examined, from its inception to the changes agreed at the recent Berlin European Council. It highlights the problems facing the policy as it seeks to evolve to meet the challenges of the coming years.
650 _aCAP
650 _aAGRICULTURAL POLICY
650 _aCOMMON AGRICULTURAL POLICY
650 _aAGENDA 2000
650 _aEU
650 _aEUROPEAN UNION
650 _aFARMING
650 _aAGRICULTURE
650 _aLAW
690 _aRural
_96268
942 _n0
999 _c100676
_d100676